[Тезисы докладов, представленных на 1 Всесоюзном совещании по физике и технике высоких давлений. Донецк, 5-7 сентября 1973 г.] (Запись № 6093973)

Подробности
000 -МАРКЕР
контрольное поле 01712nam0a22002771 4500
001 - ИДЕНТИФИКАТОР ЗАПИСИ
контрольное поле rc\3550554
005 - ИДЕНТИФИКАТОР ВЕРСИИ
контрольное поле 20260407140058.0
021 ## - НОМЕР ГОСУДАРСТВЕННОЙ РЕГИСТРАЦИИ
Код страны Российская Федерация
Номер П1540-74
035 ## - ДРУГИЕ СИСТЕМНЫЕ НОМЕРА
Идентификатор записи (NLR Aleph) 007637872
100 ## - ДАННЫЕ ОБЩЕЙ ОБРАБОТКИ
Данные общей обработки 20130115d1974 |||y0rusy50 ca
101 0# - ЯЗЫК РЕСУРСА
Язык текста, звукозаписи и т.д. русский
102 ## - СТРАНА ПУБЛИКАЦИИ ИЛИ ПРОИЗВОДСТВА
Страна публикации Российская Федерация
105 ## - ПОЛЕ КОДИРОВАННЫХ ДАННЫХ: ТЕКСТОВЫЕ МАТЕРИАЛЫ, МОНОГРАФИЧЕСКИЕ
Кодированные данные о монографическом текстовом документе y z |||||
200 1# - ЗАГЛАВИЕ И СВЕДЕНИЯ ОБ ОТВЕТСТВЕННОСТИ
Основное заглавие [Тезисы докладов, представленных на 1 Всесоюзном совещании по физике и технике высоких давлений. Донецк, 5-7 сентября 1973 г.]
Первые сведения об ответственности АН СССР. Центр. б-ка по естеств. наукам. Ин-т физики высоких энергий. Б-ка
210 ## - ПУБЛИКАЦИЯ, РАСПРОСТРАНЕНИЕ И ДР.
Место издания, распространения и т.д. Москва
Имя издателя, распространителя и т. д. Б. и.
Дата издания, распространения и т.д. 1974
215 ## - ФИЗИЧЕСКАЯ ХАРАКТЕРИСТИКА
Специфическое обозначение материала и объем 30 с.
Размеры 21
311 ## - ПРИМЕЧАНИЯ, ОТНОСЯЩИЕСЯ К ПОЛЯМ СВЯЗИ (ПРИМЕЧАНИЯ О СВЯЗИ С ДРУГИМИ ПРОИЗВЕДЕНИЯМИ (ИЗДАНИЯМИ))
Текст примечания Прил. к Указ. литературы: "Высокие давления, алмаз, графит, нитрид бора". № 12 (221). 1974
422 #0 - ИЗДАНИЕ, К КОТОРОМУ ОТНОСИТСЯ ПРИЛОЖЕНИЕ
Встроенное поле 2001#$aВысокие давления, алмаз, графит, нитрид бора$eУказ. литературы$v1974. № 12 (221)
Заглавие Высокие давления, алмаз, графит, нитрид бора
532 11 - РАСШИРЕННОЕ ЗАГЛАВИЕ
Заглавие Тезисы докладов, представленных на первом Всесоюзном совещании по физике и технике высоких давлений. Донецк, 5-7 сентября 1973 г.
710 12 - НАИМЕНОВАНИЕ ОРГАНИЗАЦИИ - ПЕРВИЧНАЯ ОТВЕТСТВЕННОСТЬ
Начальный элемент ввода Всесоюзное совещание по физике и технике высоких давлений
Порядковый номер временной организации и / или порядковый номер ее части 1
Место проведения временной организации Донецк
Дата проведения временной организации 1973
Системный номер авторитетной/нормативной записи 667797
Идентификатор авторитетной/нормативной записи RU\NLR\AUTH\8810082817
801 #0 - ИСТОЧНИК ЗАПИСИ
Страна Российская Федерация
Организация NLR
Правила каталогизации psbo
801 #1 - ИСТОЧНИК ЗАПИСИ
Страна Российская Федерация
Организация ELAR
Источник данных rusmarc
852 ## - МЕСТОНАХОЖДЕНИЕ И ШИФР ХРАНЕНИЯ
Идентификатор организации NLR
Шифр хранения (Call Number) СШ-500/И-71
942 ## - ДОПОЛНИТЕЛЬНЫЕ ЭЛЕМЕНТЫ ЗАПИСИ (АБИС)
Тип экземпляра АБИС Книга
980 ## - КОЛЛЕКЦИЯ
Название коллекции Национальная библиография
Экземпляры
Тип экземпляра Дата поступления Библиотека постоянного хранения Библиотека текущего хранения Место хранения Шифр хранения Штрих-код Статус экземпляра
Книга 26.10.2013 РНБ (Московский) РНБ (Московский) Центральная справочная библиотека СШ-500/И-71 7637872-10